| 000 | 00788nam a2200217 a 4500 | ||
|---|---|---|---|
| 001 | 000006397 | ||
| 005 | 20200929153927.0 | ||
| 008 | 090828s1997 dr 001 0 spa d | ||
| 040 |
_aDO-SdBNP _bspa _cBNPHU |
||
| 082 |
_a346.044 _bM843d |
||
| 100 | 1 |
_aMoreno, Santa _917783 |
|
| 245 | 1 | 3 |
_aEl derecho del medio ambiente / _cSanta Moreno. |
| 260 |
_aSanto Domingo : _bSolar, _c1997. |
||
| 300 |
_a118 p. : _b21 cm. |
||
| 500 | _aIncluye datos biográficos de la autora en la contracubierta. | ||
| 650 | 4 |
_aDerecho ambiental _zRepública Dominicana _99697 |
|
| 650 | 4 |
_aConservación de los recursos naturales _xLegislación _zRepública Dominicana _99785 |
|
| 650 | 4 |
_aControl ambiental _xLegislación _zRepública Dominicana _99699 |
|
| 910 | _aValidado. Control de calidad | ||
| 049 | _aBNPD | ||
| 999 |
_c6192 _d6192 |
||